Our universe (Record no. 17606)

MARC details
000 -LEADER
fixed length control field 00531nam a2200169Ia 4500
003 - CONTROL NUMBER IDENTIFIER
control field IN-BaIIA
008 - FIXED-LENGTH DATA ELEMENTS--GENERAL INFORMATION
fixed length control field 211028s9999 xx 000 0 eng d
020 ## - INTERNATIONAL STANDARD BOOK NUMBER
International Standard Book Number 81-7224-727-3
040 ## - CATALOGING SOURCE
Transcribing agency IIA Library
080 ## - UNIVERSAL DECIMAL CLASSIFICATION NUMBER
Universal Decimal Classification number 524.8
Item number TAG
100 ## - MAIN ENTRY--PERSONAL NAME
Personal name Tagore, Rabindranath
9 (RLIN) 32646
245 #0 - TITLE STATEMENT
Title Our universe
Remainder of title translated from the original Bengali of Rabindranath Tagore
Statement of responsibility, etc. Rabindranath Tagore
260 ## - PUBLICATION, DISTRIBUTION, ETC.
Place of publication, distribution, etc. Mumbai
Name of publisher, distributor, etc. Jaico Publishing
Date of publication, distribution, etc. 1999
300 ## - PHYSICAL DESCRIPTION
Extent xi, 99p.
650 ## - SUBJECT ADDED ENTRY--TOPICAL TERM
Topical term or geographic name entry element Universe
9 (RLIN) 1987
942 ## - ADDED ENTRY ELEMENTS (KOHA)
Koha item type Books
Holdings
Withdrawn status Lost status Damaged status Not for loan Home library Current library Shelving location Date acquired Source of acquisition Cost, normal purchase price Total Checkouts Full call number Barcode Date last seen Cost, replacement price Price effective from Koha item type Purchase Price
        IIA Library-Bangalore IIA Library-Bangalore General Stacks 06/02/2010 APP 5812.50   524.8/ TAG 18528 05/11/2021 5812.50 06/02/2010 Books Rs. 5812.50

Powered by Koha